000 00546nam a2200181Ia 4500
008 140626s9999 xx 000 0 und d
100 _aWard, Wesley.
245 _aMedication possession and glycemic control among unisured type 2 diabetics /
_cWesley Ward ... [et al.].
260 _cc2012.
300 _a8 : 7, page 528
440 _aThe Journal for Nurse Practitioners (JNP)
521 _aNUR
650 _aGlycemic control.
650 _aMedication possession.
650 _aType 2 diabetics.
650 _aUninsured.
942 _cSE
999 _c121425
_d121425